| 000 -LEADER |
| fixed length control field |
00527cam0a2200205 4500 |
| 001 - CONTROL NUMBER |
| control field |
DYNIX__472628 |
| 003 - CONTROL NUMBER IDENTIFIER |
| control field |
OSt |
| 005 - DATE AND TIME OF LATEST TRANSACTION |
| control field |
20230131095455.0 |
| 008 - FIXED-LENGTH DATA ELEMENTS--GENERAL INFORMATION |
| fixed length control field |
eng |
| 010 0# - LIBRARY OF CONGRESS CONTROL NUMBER |
| LC control number |
0-552-54936-3 |
| NUCMC control number |
pbk. |
| 020 ## - INTERNATIONAL STANDARD BOOK NUMBER |
| International Standard Book Number |
9780552549363 |
| 040 ## - CATALOGING SOURCE |
| Transcribing agency |
STD |
| Modifying agency |
KH8 |
| 082 ## - DEWEY DECIMAL CLASSIFICATION NUMBER |
| Classification number |
823.914 STR |
| 100 ## - MAIN ENTRY--PERSONAL NAME |
| Personal name |
Strauss, Gwenn |
| Relator term |
author |
| 210 ## - ABBREVIATED TITLE |
| Abbreviated title |
Hong Kong |
| 245 ## - TITLE STATEMENT |
| Title |
The Night Shimmy |
| Statement of responsibility, etc. |
Gwen Strauss |
| 260 1# - PUBLICATION, DISTRIBUTION, ETC. |
| Place of publication, distribution, etc. |
Britain |
| Name of publisher, distributor, etc. |
Picture Corgi Books |
| Date of publication, distribution, etc. |
1991. |
| 700 #1 - ADDED ENTRY--PERSONAL NAME |
| Personal name |
Browne, Anthony |
| Relator term |
Author |
| 942 ## - ADDED ENTRY ELEMENTS (KOHA) |
| Source of classification or shelving scheme |
|
| Koha item type |
Books - Non Ficton |